000 00311nam a2200121Ia 4500
005 20251222142016.0
008 251222s9999||||xx |||||||||||||| ||spa||
082 _a724.098.537/H22
100 _aHardoy, Jorge
245 0 _aEl Centro Histórico del Cusco:
264 _bBanco Industrial del Perú
942 _cLIB
999 _c10488
_d10488